| 000 | 00935 am a2200289 i 4500 | ||
|---|---|---|---|
| 001 | 016627397 | ||
| 003 | OSt | ||
| 005 | 20150318125054.0 | ||
| 008 | 140203t20142014enka b 001 0 eng c | ||
| 020 | _a9781292014388 | ||
| 035 | _a(IeDuTC)b156013435 | ||
| 040 |
_aIeDuTC _beng _erda _cIeDuTC _dUk |
||
| 082 | 0 | 0 |
_a004.6 _bSTA _222 |
| 100 | 1 | _aStallings, William. | |
| 245 | 1 | 0 |
_aData and computer communications / _cWilliam Stallings. |
| 250 |
_a10th ed., International ed. / _bMoumita Mitra Manna. |
||
| 260 |
_aHarlow : _bPearson Education Limited, _cc.2014. |
||
| 300 |
_a907 pages : _billustrations ; _c24 cm. |
||
| 500 | _aPrevious edition: 2011. | ||
| 504 | _aIncludes bibliographical references and index. | ||
| 650 | 0 | _aComputer networks. | |
| 650 | 0 | _aData transmission systems. | |
| 653 |
_bENGELC _bCOMSCI _cMarch2015 |
||
| 655 |
_vreading book _934232 |
||
| 700 | 1 | _aManna, Moumita Mitra. | |
| 942 |
_2ddc _k004.6 STA |
||
| 999 |
_c19061 _d19033 |
||